Szybkie pisanie od 1 do 200 - Statystyki

Ogólne statystyki
  • Ten quiz został rozwiązany 253 razy
  • Średni wynik to 123 z 200
Statystyki odpowiedzi
Odpowiedź % Poprawnych
1
100%
2
98%
3
98%
4
98%
5
98%
6
98%
7
97%
8
97%
9
97%
10
96%
11
95%
12
94%
13
93%
14
93%
15
93%
16
93%
17
93%
18
92%
19
91%
20
89%
21
89%
22
89%
23
89%
24
89%
25
89%
26
88%
27
88%
28
88%
29
88%
30
88%
31
88%
32
88%
33
88%
34
88%
35
88%
36
88%
37
88%
38
88%
39
88%
40
88%
41
87%
42
87%
47
87%
48
87%
49
87%
50
87%
51
87%
52
87%
53
87%
54
87%
55
87%
56
87%
57
87%
58
87%
59
87%
60
87%
61
87%
62
87%
63
87%
64
87%
65
87%
66
87%
67
87%
68
87%
69
87%
70
87%
43
86%
44
86%
45
86%
46
86%
71
86%
72
86%
73
86%
74
86%
75
86%
76
86%
77
86%
78
86%
79
86%
80
86%
81
86%
82
86%
83
86%
84
85%
85
84%
86
84%
87
83%
88
83%
89
83%
90
83%
91
83%
92
82%
94
82%
93
81%
95
81%
96
81%
100
80%
97
80%
98
80%
99
80%
101
79%
102
78%
103
78%
104
77%
105
74%
106
74%
107
74%
108
73%
109
72%
110
71%
111
69%
112
69%
113
68%
114
68%
115
68%
116
67%
117
66%
118
66%
119
65%
120
65%
121
63%
122
62%
123
62%
124
61%
125
61%
126
61%
127
61%
128
60%
129
59%
130
58%
131
57%
132
56%
133
56%
134
54%
135
54%
136
52%
137
49%
138
47%
139
47%
140
46%
141
45%
142
44%
143
43%
144
42%
145
40%
146
38%
147
36%
148
36%
149
36%
150
35%
151
31%
152
30%
153
30%
154
29%
155
29%
156
27%
157
25%
158
25%
159
24%
160
22%
161
20%
162
18%
163
16%
164
15%
165
14%
166
13%
167
13%
168
13%
169
13%
170
13%
171
11%
172
11%
173
10%
174
10%
175
10%
176
8%
177
8%
178
8%
179
7%
180
6%
181
6%
182
5%
183
5%
184
5%
185
5%
186
5%
187
5%
188
5%
190
5%
191
5%
189
4%
192
4%
193
4%
194
4%
195
4%
196
4%
197
4%
198
4%
199
4%
200
4%
Nie znaleziono quizów pasujących do podanych kryteriów
Rozkład punktacji
Procent ludzi z każdym wynikiem
Percentyl według liczby udzielonych odpowiedzi
Twoja historia wyników
Nie rozwiązałeś tego quizu